<?xml version="1.0" encoding="UTF-8"?>
<marc:record xmlns:marc="http://www.loc.gov/MARC21/slim">
   <marc:leader>00000nam a2200000 a 4500</marc:leader>
   <marc:datafield ind1="1" ind2=" " tag="100">
      <marc:subfield code="a">Storch, Maja</marc:subfield>
      <marc:subfield code="4">aut</marc:subfield>
      <marc:subfield code="e">Verfasser/-in</marc:subfield>
   </marc:datafield>
   <marc:datafield ind1=" " ind2=" " tag="653">
      <marc:subfield code="a">Zufriedenheit</marc:subfield>
   </marc:datafield>
   <marc:datafield ind1=" " ind2=" " tag="653">
      <marc:subfield code="a">Lebensführung</marc:subfield>
   </marc:datafield>
   <marc:datafield ind1=" " ind2=" " tag="653">
      <marc:subfield code="a">Softcover / Ratgeber/Lebenshilfe</marc:subfield>
   </marc:datafield>
   <marc:datafield ind1=" " ind2=" " tag="653">
      <marc:subfield code="a">Alltag</marc:subfield>
   </marc:datafield>
   <marc:datafield ind1=" " ind2=" " tag="653">
      <marc:subfield code="a">Ratgeber</marc:subfield>
   </marc:datafield>
   <marc:datafield ind1="0" ind2="0" tag="245">
      <marc:subfield code="a">Machen Sie doch, was Sie wollen!</marc:subfield>
   </marc:datafield>
   <marc:datafield ind1="0" ind2="0" tag="245">
      <marc:subfield code="b">wie ein Strudelwurm den Weg zu Zufriedenheit und Freiheit zeigt</marc:subfield>
   </marc:datafield>
   <marc:datafield ind1="0" ind2="0" tag="245">
      <marc:subfield code="c">Maja Storch</marc:subfield>
   </marc:datafield>
   <marc:datafield ind1=" " ind2="1" tag="264">
      <marc:subfield code="a">Bern</marc:subfield>
      <marc:subfield code="b">Huber</marc:subfield>
      <marc:subfield code="c">2009</marc:subfield>
   </marc:datafield>
   <marc:datafield ind1=" " ind2=" " tag="250">
      <marc:subfield code="a">1. Aufl.</marc:subfield>
   </marc:datafield>
   <marc:datafield ind1="1" ind2=" " tag="520">
      <marc:subfield code="a">Angaben aus der Verlagsmeldung

Machen Sie doch, was Sie wollen! : Wie ein Strudelwurm den Weg zu Zufriedenheit und Freiheit zeigt / von Maja Storch

Machen Sie eigentlich das, was Sie wollen? Wissen Sie eigentlich, was Sie wollen? Falls nicht, sind Sie damit nicht allein. Viele Menschen wissen nicht, was sie wollen. Und es ist auch gar nicht so einfach herauszufinden, was man wirklich will, denn oft werden unsere Entscheidungen oder sogar ganze Lebensstile von dem bestimmt, was die Eltern, die Freunde oder der in den Medien vorherrschende Zeitgeist einem «zuflüstern». Überall lauern Lebensentwürfe, die wir nicht erfunden haben und die auch gar nicht zu uns passen. Manchmal sind diese Entwürfe nicht so schlecht, einige haben einen wahren Kern, oft sind sie so falsch, dass sie keinesfalls für uns infrage kommen.
Und Tatsache ist: Nur wenn Sie wissen, was Sie wollen und das auch tun, sind Sie zufrieden und frei! In diesem Buch zeigt Ihnen ein kleiner Wurm, wie Sie das herausfinden und Ihr Leben so leben, wie es zu Ihnen passt und Sie glücklich sind.
</marc:subfield>
   </marc:datafield>
   <marc:datafield ind1=" " ind2=" " tag="020">
      <marc:subfield code="a">9783456847542</marc:subfield>
      <marc:subfield code="9">9783456847542</marc:subfield>
   </marc:datafield>
   <marc:datafield ind1=" " ind2=" " tag="020">
      <marc:subfield code="a">3456847548</marc:subfield>
      <marc:subfield code="9">3456847548</marc:subfield>
   </marc:datafield>
   <marc:datafield ind1=" " ind2=" " tag="041">
      <marc:subfield code="a">ger</marc:subfield>
   </marc:datafield>
   <marc:datafield ind1=" " ind2=" " tag="338">
      <marc:subfield code="a">Band</marc:subfield>
   </marc:datafield>
   <marc:datafield ind1=" " ind2=" " tag="300">
      <marc:subfield code="a">135 S.</marc:subfield>
   </marc:datafield>
</marc:record>
